XXVII. Festival ukrajinskej drámy a umeleckého slova A. V. Duchnoviča propagačný plagát

Bibliographic Details
Format: Photo
Language:Slovak
PhysicalDescription:1 plagát farebný; formát plagátu rozdelný na dve identické polovice, na bielom podklade textové informácie čiernym a červeným písmom, pravá strana plagátu v slovenskom a ľavá strana plagátu v ruskom jazyku 60 x 83 cm
Published: Medzilaborce 1988 máj
Subjects:

MARC

LEADER 00000nkm a2200000 a 4500
001 vtls011783622
003 SK-MaSNL
005 20260426000523.0
007 kf bo
008 240409s1997 xo g kuslo
035 |a urn:nbn:sk:snk-km00ecb1 
035 |a urn:nbn:sk:snk-km43ev7 
035 |a 14BB2B45-F8ED-46A8-8C79-3F0C0382E9E0 
040 |a SNK  |b slo  |c SNK  |e AACR2 
041 0 |a slo 
043 |a e-xo--- 
044 |a xo  |c SK 
072 7 |a 394  |x Verejný a spoločenský život. Každodenný život  |2 konspekt 
072 7 |a 929  |x Biografie  |2 konspekt 
080 |a 394.46  |2 2011 
080 |a (084.5)  |2 2011 
080 |a 929  |2 2011 
245 0 0 |a XXVII. Festival ukrajinskej drámy a umeleckého slova A. V. Duchnoviča  |b propagačný plagát  |h grafika 
260 |a Medzilaborce  |c 1988 máj 
300 |a 1 plagát  |b farebný; formát plagátu rozdelný na dve identické polovice, na bielom podklade textové informácie čiernym a červeným písmom, pravá strana plagátu v slovenskom a ľavá strana plagátu v ruskom jazyku  |c 60 x 83 cm 
648 7 |a 1896-1996  |2 SNKPH  |9 286313 
650 0 7 |a divadlo  |2 SNKPH  |9 3335 
651 7 |a Slovensko  |2 SNKPH  |9 14231 
655 7 |a plagáty  |2 SNKPH  |9 70571 
852 |a Slovenská národná knižnica v Martine 
958 |a CP 
999 |c 858043  |d 859973 
952 |a SNKLM  |b SNKLM  |y PREZ  |7 0  |p 17A1262046  |o snklm L 1662  |i snklm 129/89  |8 7  |0 0  |1 0  |4 0  |d 2018-10-09  |f 1  |l 0  |r 2026-02-24 05:02:48  |w 2026-02-24